000
00421nam a22001697a 4500
003
MPLRDC
005
20220104114053.0
008
210129b ||||| |||| 00| 0 eng d
082
_a
834.57 XL
100
_a
学林书店编辑部编选
245
_a
元曲
_c
260
_a
_b
学林书店
_c
300
_b
平
490
_a
中国文学名著精选. 4
650
_a
中国戏曲总集--元曲
942
_c
BK
_o
834.57 XL
999
_c
4578
_d
4568